000 01736nam a22001937a 4500
999 _c652
_d652
003 OSt
005 20220712123716.0
008 180226b xxu||||| |||| 00| 0 spa d
040 _cPJ
100 _9908
_aLópez, Mario Justo
245 1 3 _aEl mito de la constitución :
_by tres ensayos sobre la democracia /
_cMario Justo Lopez.
260 _aBuenos Aires :
_bAbeledo-Perrot,
_c1963.
300 _a73 p.
_c24 cm.
500 _aBibliografía y notas al pie de página.
505 _aEL MITO DE LA CONSTITUCIÓN. 1. Una nueva concepción del mito. 2. El mito soreliano. 3. La constitución como mito. 4. Ocaso. 5. Renacimiento. QUE ES LA DEMOCRACIA 1. La democracia, como forma de gobierno y como redimen integral o sistema social. 2.La democracia, modelo irrealidad y peligro. 3. La democracia contemporánea 4. La creencia en la naturaleza racional del hombre y de la sociedad. 5. Las modalidades reales de los protagonistas históricos. 6. El constitucionalismo. 7.La democracia constitucional. SOBRE DEFENSA DE LA DEMOCRACIA 1. Limitación del tema. 2. Los términos del dilema. 3. La superación del dilema. 4. Necesidad de defensa. 6. Requisitos extrínsecos de la defensa. 7. Requisitos intrínsecos de la defensa. MORENO Y LA DEMOCRACIA COMO FORMA DE VIDA 1.Moreno y la palabra democracia. 3. La palabra democracia a fines del siglo XVIII. 4.Mariano Moreno ¿era o no demócrata? 6. Moreno antes de la revolución. 7. Moreno y la Revolución. 8. Moreno y la democracia constitucional. 9. Cambio de las ideas en las costumbres. .
_rMARIO JUSTO LOPEZ
_tEL MITO DE LA CONSATITUCIÓN
650 0 _9178
_aDERECHO CONSTITUCIONAL
650 0 _9356
_aDEMOCRACIA
942 _2udc
_cLIB
_h342.4
_iLOP